000 00475nam a2200145Ia 4500
008 100122s9999 xx 000 0 und d
082 _b67443
_a928
100 _aपिटकर शैला
245 _aमराठीतून कबीरबोध
260 _bनीहारा प्रकाशन
_c2004
300 _a176
630 _aमराठीतून कबीरबोध
730 _aमराठीतून कबीरबोध
942 _cBOOK
999 _c439515
_d439512